000
00266nam a22001217a 4500
003
SGT
082
_a
370
_b
NIS
100
_a
NISHA, MAIMUN
245
_a
INTRODUCTION TO CHILD DEVELOPMENT
260
_a
DELHI
_b
ISHA BOOKS
_c
2006
300
_a
246
942
_2
ddc
_c
BK
_0
1
999
_c
18976
_d
18976